Gaming Quiz

Random Gaming or Nintendo Quiz

Super Smash Bros. Blitz Quiz Stats

 Plays Quiz not verified by Sporcle

Score 0/64 Timer 03:00
0 Plays Today
% Correct
Pikachu
92.7%
Kirby
92.2%
Zelda
92%
Donkey Kong
91.8%
Fox
91.8%
Sonic
91.7%
Yoshi
91.7%
Captain Falcon
91.5%
Luigi
91.5%
Bowser
91.3%
Falco
91.3%
Link
91.3%
Peach
91.3%
Ganondorf
91.2%
Mario
91.2%
Toon Link
91.2%
Mega Man
91%
Ness
90.8%
Lucario
90.7%
Sheik
90.7%
Jigglypuff
90.5%
Mr. Game & Watch
90.5%
Charizard
90.3%
Diddy Kong
90.3%
Marth
90.3%
Samus
90.3%
Wolf
90.3%
Ice Climbers
90.2%
Ike
90.2%
Wario
90.2%
King Dedede
90%
Pac-Man
90%
% Correct
R.O.B
90%
Meta Knight
89.9%
Mewtwo
89.9%
Lucas
89.4%
Villager
89.2%
Pit
89%
Duck Hunt
88.9%
Rosalina & Luma
88.7%
Little Mac
88.4%
Olimar
88.4%
Roy
88.2%
Pichu
87.4%
Greninja
87%
Bowser Jr.
86.9%
Dark Pit
85.9%
Lucina
85%
Solid Snake
85%
Palutena
83.9%
Dr. Mario
83.2%
Bayonetta
82.6%
Wii Fit Trainer
82.5%
Zero Suit Samus
81.9%
Pokémon Trainer
80.9%
Mii Fighter
80.5%
Squirtle
80%
Ivysaur
79.9%
Robin
79.4%
Young Link
79.2%
Corrin
78.4%
Shulk
77.2%
Ryu
49.1%
Cloud Strife
40.3%

You're not logged in!

Compare scores with friends on all Sporcle quizzes.
OR
Log In

Sporcle TV

Today on Sporcle TV


Watch our educational content, quiz creation guides, and fun videos on Sporcle TV.

Show Comments

Extras

Top Quizzes Today


Score Distribution

Your Account Isn't Verified!

In order to create a playlist on Sporcle, you need to verify the email address you used during registration. Go to your Sporcle Settings to finish the process.

Report this User

Report this user for behavior that violates our Community Guidelines.

Details: